[Event "Chess Festival Cracovia B 2020"]
[Site "Krakow"]
[Date "2021.01.02"]
[Round "7.3"]
[White "Meers, Hubert"]
[Black "Golenia, Jan"]
[Result "0-1"]
[WhiteElo "1986"]
[BlackElo "2070"]
[Annotator "TA"]
[PlyCount "74"]
[EventDate "2020.12.28"]
[EventCountry "POL"]
[SourceTitle "playchess.com"]
[Source "ChessBase"]
[SourceQuality "1"]

{[%evp 10,74,0,0,6,0,22,28,30,27,42,36,48,19,31,39,57,54,73,68,75,67,90,92,88,85,98,72,102,70,62,58,97,56,67,65,69,0,54,-40,114,103,98,0,0,0,105,-285,-247,-456,-444,-595,-588,-919,-950,-1295,-1285,-1234,-1228,-29992,-29993,-29993,-29994,-29995,-29996,-29996,-29997]} 1. e4 e5 2. Nc3 Nf6 3. Bc4 Nc6 4. d3 Bb4 5. Bd2 O-O 6. Nf3 a6 {C28: Vienna Game: 2...Nf6 3 Bc4 Nc6.} 7. a3 {[#]} Be7 $146 ({Predecessor:} 7... Bxc3 8. Bxc3 d6 9. O-O Bg4 10. h3 Bxf3 11. Qxf3 h6 12. Bd2 Nd4 13. Qd1 b5 {1-0 (21) Pysmenyy,I-Sovetchenko,V (756) Rotenburg 2008}) 8. O-O d6 {White has an edge.} 9. h3 Kh8 10. Ng5 Qe8 11. b4 Ng8 12. Nd5 Bxg5 13. Bxg5 ({Much worse is} 13. Nxc7 $6 Qd8 $15) 13... f6 14. Be3 Qd8 15. f4 exf4 16. Nxf4 Ne5 17. Bb3 Ne7 18. d4 N5g6 19. Ne6 Bxe6 20. Bxe6 d5 21. c4 dxe4 22. d5 Qd6 23. Qg4 (23. Qe1 $14) 23... f5 (23... Qe5 $11) 24. Qg5 ({White should try} 24. Bxf5 $14 Nxf5 25. Rxf5 Rxf5 26. Qxf5) 24... f4 $2 (24... h6 $15 {stays ahead.} 25. Qh5 Kh7) 25. Bd4 $1 $16 {[%mdl 1024] White has strong compensation.} f3 26. Qh6 {[%csl Gh6][%cal Rd4g7]} Ne5 $1 $36 {[%mdl 2048] Black is more active.} 27. Qg5 N5g6 28. g3 $2 {[%mdl 8192] [#] This costs White the game.} (28. Bc5 $16 {keeps the pressure on.} Qf4 29. Qxf4 (29. Bxe7 f2+ 30. Kh1 Nxe7 $11) 29... Rxf4 30. Rae1) 28... Nf5 $19 {[%cal Rf5d4][%mdl 512]} 29. Bf2 {[#]} ({But not} 29. Bxf5 $2 Rxf5 $1 {[%mdl 512]} 30. c5 Qxd5 $19) (29. Bc5 {was worth a try.} Qe5 30. Rae1) (29. Bc5 Qe5) 29... e3 $1 30. Bxf5 (30. Rae1 exf2+) 30... exf2+ 31. Rxf2 {[#]} Qe5 $1 {[%csl LRa1,LRf5][%mdl 64] Double Attack} 32. Raf1 Rxf5 33. Qg4 Rg5 34. Qd7 Qxg3+ {Black mates.} 35. Kh1 Rf8 36. c5 {[#]} Qg2+ $1 {[%mdl 64] Promotion} 37. Rxg2 fxg2+ {[%mdl 64] Discovered Attack.  Weighted Error Value: White=0.89/Black=0.14} 0-1

[Event "Chess Festival Cracovia B 2020"]
[Site "Krakow"]
[Date "2021.01.02"]
[Round "7.4"]
[White "Prieb, Robert"]
[Black "Sowinski, Pawel"]
[Result "1-0"]
[WhiteElo "2032"]
[BlackElo "1767"]
[Annotator "TA"]
[PlyCount "77"]
[EventDate "2020.12.28"]
[EventCountry "POL"]
[SourceTitle "playchess.com"]
[Source "ChessBase"]
[SourceQuality "1"]

{[%evp 21,77,47,63,43,33,34,65,60,75,-55,-55,-55,-46,-197,-85,-93,-44,-132,-108,-210,-90,-186,-143,-154,-140,-144,-114,-319,-317,-290,-323,-305,-204,-176,-137,-140,-144,-395,-398,-374,-131,-132,-131,-166,496,514,635,625,615,608,630,676,611,598,806,802,732,673]} 1. d4 Nf6 2. c4 c5 3. d5 e6 4. Nc3 exd5 5. cxd5 d6 6. e4 g6 7. Bd3 Bg7 8. h3 O-O 9. Nf3 a6 10. a4 Nbd7 11. O-O Qe7 {11...Nh5 is setting a new trend.} 12. Bg5 {A70: Modern Benoni: 6 e4 g6 7 Nf3.} h6 13. Be3 Nh5 14. Qd2 {White is slightly better.} g5 {[#]} 15. h4 $146 (15. a5 $16) ({Predecessor:} 15. Be2 Nhf6 16. Qc2 g4 17. hxg4 Nxg4 18. Bf4 Nde5 19. Nxe5 Nxe5 20. Qd2 Qh4 21. Ra3 {½-½ (41) Sands,D (2252)-Brown,T (2055) Cardiff 2010}) 15... g4 $15 16. Nh2 Ne5 17. Be2 $2 (17. Bxh6 $15 Nxd3 18. Bxg7 Kxg7 19. Qxd3) 17... Kh7 (17... Qxh4 $19 18. Bxh6 f6) 18. g3 $17 Qf6 19. Kg2 {[#]} ({White should try} 19. Rab1 $15) 19... Qg6 $1 20. Qe1 (20. Ra3 $17 {was necessary.}) 20... Bf6 (20... f5 $19 {has better winning chances. aiming for ...f4.} 21. exf5 Bxf5) 21. Rd1 (21. Qd2 $17 {is a better defense.}) 21... Rg8 22. Rg1 Bd7 23. a5 Rg7 24. Nf1 $2 (24. Qd2 $17) 24... Nf3 $1 $19 {[%cal Rf3e1]} 25. Bxf3 gxf3+ 26. Kh1 Bxh4 27. Nh2 Bg5 28. Nxf3 Bg4 29. Nxg5+ {[%mdl 8192]} (29. Kg2 $17 Nf4+ 30. Bxf4) 29... hxg5 30. Kg2 {[#] Threatens to win with f3.} Bxd1 (30... Qf6 $2 31. Kf1 $17) (30... Nf4+ $1 $19 {[%mdl 512]} 31. Bxf4 Qh5) 31. Qxd1 $17 Nf6 32. f3 g4 $4 {[%mdl 8192]} (32... Rh8 $19 {and life is good for Black. Hoping for ...g4.} 33. g4 Kg8) 33. Rh1+ $18 {White is clearly winning.} Kg8 {White must now prevent ...Rh7.} 34. Rh6 gxf3+ 35. Qxf3 Qg4 36. Rxf6 Qxf3+ 37. Kxf3 Rg6 38. Rxg6+ fxg6 39. Bf4 {Weighted Error Value: White=0.62/Black=0.64} 1-0

[Event "Chess Festival Cracovia B 2020"]
[Site "Krakow"]
[Date "2021.01.02"]
[Round "7.5"]
[White "Jankowiak, Piotr"]
[Black "Swiderski, Radoslaw"]
[Result "0-1"]
[WhiteElo "2031"]
[BlackElo "1995"]
[Annotator "TA"]
[PlyCount "50"]
[EventDate "2020.12.28"]
[EventCountry "POL"]
[SourceTitle "playchess.com"]
[Source "ChessBase"]
[SourceQuality "1"]

{[%evp 11,50,40,34,20,20,24,36,20,28,23,32,14,7,-16,-13,-15,-9,-27,-23,-133,-128,-243,-256,-269,-260,-738,-737,-740,-753,-1134,-1143,-29994,-1970,-3222,-2032,-29994,-5021,-5002,-1963,-2791,-1538]} 1. d4 d5 2. Bf4 c5 3. c3 cxd4 4. cxd4 Nc6 5. Nc3 Nf6 6. e3 e6 7. a3 {D10: Slav Defence: 3 cxd5 (without early Nf3) and 3 Nc3.} Bd6 8. Bxd6 Qxd6 9. Nf3 {White is slightly better.} O-O 10. Bd3 Bd7 11. b4 {[#]} Rfc8 $146 ({Predecessor:} 11... Rac8 12. Rc1 a6 13. O-O e5 14. dxe5 Nxe5 15. Be2 Rfd8 16. Qd4 Nxf3+ 17. Bxf3 Rc4 {1-0 (34) Milovic,J (2328)-Cerovic,Z (2151) Cetinje 2012}) 12. Qb3 e5 {Hoping for ...e4.} 13. Nb5 Qe7 {...e4 is the strong threat.} 14. dxe5 Nxe5 15. Nbd4 {[#]} (15. Nxe5 $11 {keeps the balance.} Bxb5 16. Nf3) 15... Ba4 $1 $17 {[%cal Ra4b3][%mdl 576] Deflection} 16. Qxa4 (16. Bxh7+ $17 {was the only defense.} Kxh7 17. Qxa4 Nd3+ 18. Ke2) 16... Nxd3+ $19 17. Ke2 Rc3 18. Nb5 $2 (18. Rhd1 Qc7 19. Rxd3 Rxd3 20. Kf1 (20. Kxd3 $2 {loses.} Qc4+ 21. Kd2 Ne4+ {[%mdl 64] Double Attack} 22. Ke1 Qc3+ {[%mdl 64] Double Attack} 23. Kf1 Qxa1+ 24. Ne1 Qa2 $19)) 18... Ne4 {Strongly threatening ...Nb2.} 19. Rhb1 Rac8 20. Kf1 Rc2 {( -> ...Nd2+)} 21. Nxa7 Rxf2+ (21... Nd2+ $142 22. Nxd2 Qh4 {[%mdl 64] Double Attack} 23. g3 Qxh2 24. Qe8+ Rxe8 25. Ke2 Qxf2+ {[%mdl 64] Double Attack} 26. Kxd3 Qxd2#) 22. Kg1 Rcc2 23. Nh4 {[#]} Nc3 (23... Rxg2+ $142 $3 {[%mdl 512]} 24. Nxg2 {[#]} Rxg2+ $1 {[%mdl 512]} 25. Kh1 Rxh2+ $3 {[%mdl 512]} 26. Kg1 Qg5+ {[%mdl 64] Double Attack} 27. Kxh2 Qg3+ 28. Kh1 Nef2#) 24. Nc6 bxc6 25. Qa8+ Qf8 {Weighted Error Value: White=1.17/Black=0.86} 0-1

[Event "Chess Festival Cracovia B 2020"]
[Site "Krakow"]
[Date "2021.01.02"]
[Round "7.7"]
[White "Zalega, Maciej"]
[Black "Khachatryan, Taron"]
[Result "0-1"]
[WhiteElo "1715"]
[BlackElo "2056"]
[Annotator "TA"]
[PlyCount "104"]
[EventDate "2020.12.28"]
[EventCountry "POL"]
[SourceTitle "playchess.com"]
[Source "ChessBase"]
[SourceQuality "1"]

{[%evp 9,104,18,22,20,28,27,20,20,14,10,33,27,30,34,27,0,0,0,0,-18,-16,-7,-3,-16,-4,-8,-8,-69,-69,-85,-77,-105,-97,-104,-97,-166,-164,-236,-223,-220,-229,-334,-337,-345,-345,-328,-325,-343,-268,-334,-239,-239,-225,-229,-231,-235,-227,-274,-271,-262,-214,-237,-209,-226,-227,-211,-232,-231,-225,-216,0,-159,0,-226,-228,-255,-152,-237,-220,-371,-310,-483,-408,-352,-324,-319,-310,-305,-240,-601,-617,-547,-510,-1476,-1324,-1141,-1044]} 1. e4 e5 2. Nf3 Nc6 3. Bc4 Bc5 4. d3 Nf6 5. c3 d6 6. a4 {Strongly threatening b4. C54: Giuoco Piano: 4 c3 Nf6, main lines with 5 d4 and 5 d3.} a6 7. Nbd2 Ba7 8. Nf1 {The position is equal.} O-O 9. Be3 {[#]} d5 $146 (9... Bxe3 {feels hotter.} 10. Nxe3 Ne7 11. O-O Ng6 12. a5 c6) ({Predecessor:} 9... Re8 10. Bxa7 Rxa7 11. Ne3 Be6 12. Bxe6 Rxe6 13. O-O d5 14. Qc2 Ra8 15. Rfe1 Qd7 {½-½ (45) Martirosyan,H (2622)-Nihal,S (2620) chess.com INT 2020}) 10. exd5 Nxd5 11. Bxa7 Rxa7 12. Bxd5 Qxd5 13. Ne3 Qd6 14. Qe2 Re8 15. O-O Ra8 16. Rfe1 Be6 17. Ng5 Rad8 18. Rad1 (18. Qf3 $11) 18... Bb3 $1 $15 19. Rd2 Qg6 20. Ne4 b6 {...f5 is the strong threat.} 21. Ng3 Bxa4 22. Ra1 (22. Nef5 $17) 22... Bb5 $19 23. c4 {[#]} (23. Ngf5 {was called for.}) 23... Nd4 $1 24. Qd1 Bc6 25. Nd5 (25. Rxa6 {was worth a try.} f5 26. Nd5) 25... Bxd5 26. cxd5 a5 (26... Rxd5 27. Rxa6 Red8 28. Ra7 $19) 27. Rc1 Re7 (27... Rxd5 28. Rxc7 Red8 29. Nf1 $19) 28. Qa4 Qd6 ({Less strong is} 28... Rxd5 29. Rxc7 Qe6 30. Rc3 $19) 29. Rdc2 Nxc2 30. Nf5 Qd7 31. Nxe7+ Qxe7 32. Rxc2 {[%mdl 4096] Endgame KQR-KQR} h6 ({Worse is} 32... Rxd5 33. Rxc7 Qf8 34. Qb3 $11) 33. Qc6 Qd6 34. Qb7 Rd7 35. h3 Qxd5 36. Qc8+ {[#]} Kh7 $1 37. Rxc7 Rxc7 38. Qxc7 {KQ-KQ} Qe6 ({But not} 38... Qxd3 39. Qxb6 Qd1+ 40. Kh2 $17) 39. Qc2 Qd5 40. Qc7 {[#]} Qe6 (40... Qb3 $1 $17 41. Qxe5 Qxd3) 41. Qc2 g6 42. Qc7 Kg7 (42... a4 $19 43. Qc4 Qd7) 43. Kh2 (43. g4 $17) 43... a4 44. g3 $2 (44. f4 {keeps fighting.} exf4 45. Qxf4) 44... b5 45. Qc5 (45. Kg1 {might work better.}) 45... Qf5 46. Kg1 Qxd3 {And now ...Qb1+ would win.} 47. Qxe5+ Kh7 48. h4 Qb3 49. h5 $2 (49. Kh2) 49... Qd1+ {Black is clearly winning.} 50. Kg2 Qxh5 51. Qe7 (51. Qd6 $142 Qe2 52. Qb4) 51... Qd5+ 52. Kh2 Qb3 {Weighted Error Value: White=0.38/Black=0.19} 0-1

[Event "Chess Festival Cracovia B 2020"]
[Site "Krakow"]
[Date "2021.01.02"]
[Round "7.8"]
[White "Krawczyk, Flawian"]
[Black "Panek, Bartosz"]
[Result "1-0"]
[WhiteElo "2073"]
[BlackElo "1981"]
[Annotator "NA RC"]
[PlyCount "89"]
[EventDate "2020.12.28"]
[EventCountry "POL"]
[SourceTitle "playchess.com"]
[Source "ChessBase"]
[SourceQuality "1"]

1. d4 Nf6 2. Nf3 e6 3. g3 d5 4. c4 c5 5. cxd5 exd5 6. Bg2 Nc6 7. O-O cxd4 8. Nxd4 Bc5 9. Nxc6 bxc6 10. Qc2 Qb6 11. Nc3 Bd6 12. Rd1 ({Better is} 12. e4 $16) 12... O-O 13. Be3 Qa5 14. Na4 Ba6 15. Bf3 Bb5 16. Nc5 Bxc5 17. Qxc5 Nd7 18. Qd6 $16 Rfd8 19. a4 Bc4 20. b4 Qa6 21. b5 Qc8 22. bxc6 Nb8 23. Qc5 Qxc6 24. Rac1 Qxc5 25. Bxc5 Na6 26. Ba3 f5 27. Rd4 Rab8 28. Rcd1 Rb3 29. Rxc4 Rxa3 30. Rxd5 Rxd5 31. Bxd5+ Kf8 32. Bb7 Nb8 33. Rc8+ Ke7 34. Rxb8 Rxa4 35. Bd5 a5 36. Rb7+ Kf6 37. f4 Rd4 38. Bg8 h6 39. Ra7 a4 40. Ra6+ Ke7 41. Bh7 g5 42. fxg5 hxg5 43. Bxf5 Rb4 44. Kf2 Rc4 45. Bd3 1-0

[Event "Chess Festival Cracovia B 2020"]
[Site "Krakow"]
[Date "2021.01.02"]
[Round "7.9"]
[White "Mikula, Michal"]
[Black "Ruhland, Cliff"]
[Result "1/2-1/2"]
[WhiteElo "1894"]
[BlackElo "2006"]
[Annotator "NA"]
[PlyCount "48"]
[EventDate "2020.12.28"]
[EventCountry "POL"]
[SourceTitle "playchess.com"]
[Source "ChessBase"]
[SourceQuality "1"]

1. e4 e5 2. Nf3 d6 3. d4 exd4 4. Nxd4 Nf6 5. Nc3 Be7 6. Be2 O-O 7. Be3 Re8 8. g4 Bf8 9. f3 d5 10. g5 dxe4 11. gxf6 exf3 12. Nxf3 Qxf6 13. Qd4 Qe6 14. Bf2 Nc6 15. Qd5 Qf6 16. O-O-O Nb4 17. Qd2 Bf5 18. Bh4 Qb6 19. Nd4 Be4 20. Rhg1 c5 21. Nxe4 Rxe4 22. Nf5 Nxa2+ 23. Kb1 Rxe2 24. Nh6+ Kh8 1/2-1/2

[Event "Chess Festival Cracovia B 2020"]
[Site "Krakow"]
[Date "2021.01.02"]
[Round "7.10"]
[White "Szarwacki, Dominik"]
[Black "Derylo, Kamil"]
[Result "0-1"]
[WhiteElo "1878"]
[BlackElo "1998"]
[Annotator "TA"]
[PlyCount "106"]
[EventDate "2020.12.28"]
[EventCountry "POL"]
[SourceTitle "playchess.com"]
[Source "ChessBase"]
[SourceQuality "1"]

{[%evp 27,106,0,0,0,36,14,21,0,0,-151,-156,-155,-150,-202,-206,-206,-171,-201,-195,-200,-218,-200,-193,-338,-352,-336,-27,-300,-191,-308,-305,-402,-405,-407,-412,-387,-371,-361,-322,-310,-310,-312,-175,-227,-136,-137,-159,-195,-162,-195,-187,-180,-187,-176,-186,-262,-175,-662,-249,-212,-212,-189,-100,-266,-263,-721,-177,-2136,-2120,-2112,-1908,-874,-466,-564,-403,-355,-293,-12840,-932,-12838,-12835]} 1. e4 Nc6 2. Bb5 e5 3. Nf3 a6 4. Ba4 Nf6 5. O-O Nxe4 6. d4 b5 7. Bb3 d5 8. dxe5 Be6 9. c3 Be7 10. Nbd2 O-O 11. Re1 Nc5 12. Bc2 d4 13. Nxd4 Nxd4 14. cxd4 Qxd4 15. Nf3 {[#] C83: Open Ruy Lopez: 9 c3 Be7.} Qd5 $146 ({Predecessor:} 15... Qxd1 16. Rxd1 Bg4 17. Be3 Rad8 18. h3 Bxf3 19. gxf3 Ne6 20. f4 c5 21. f5 Nd4 22. Bxd4 cxd4 {0-1 (50) Kanakaris,G (2400)-Martinez Alcantara,J (2620) Chess.com INT 2020}) 16. Ng5 h6 17. Qh5 {aiming for Bh7+.The position is equal.} Nd3 ({Inferior is} 17... Bxg5 18. Bxg5 Qc4 19. Rac1 $1 $18) 18. Nxe6 $2 (18. Bxd3 $11 Qxd3 19. Nxe6 fxe6 20. Be3) 18... Nxe1 $40 {[%csl Ge1][%cal Rd5g2][%mdl 128] Black wants a kill.} 19. Nf4 Qc6 20. Bb3 (20. Bf5 $17 Nc2 21. Nd5) 20... Nc2 $19 21. Ng6 Rae8 22. Bxh6 Nxa1 23. Be3 {[%csl Gg6][%cal Rh5h8] [#]} Qxg6 $1 {[%mdl 512]} 24. Qxg6 Nxb3 25. Qg4 (25. Qxa6 $142 c5 26. Qxb5 (26. axb3 $2 Ra8 $19)) 25... Nc5 26. h4 f5 $2 (26... Rd8 $19 {Hoping for ...Rfe8.} 27. Kh2 Ne6) 27. Qf3 $2 {[%mdl 8192]} (27. Qg6 $11 {and White is okay.}) 27... Ne6 28. Qd5 (28. Qc6 $142 Bxh4 29. g3) 28... Bxh4 29. Bc5 c6 30. Qb3 Rf7 31. Bd6 Bd8 32. Qa3 a5 33. Qc3 c5 34. Qd3 Rb7 (34... Be7 $142 {Threatens to win with ...Nd4.} 35. Qxb5 Rd8) 35. Qd5 (35. Qxf5 $142 Bc7 36. Qe4) 35... Rb6 ({Black should try} 35... Ra7 $19 36. g3 b4) 36. Bxc5 $17 {Black must now prevent Qd7.} Rb8 $1 37. Bd6 Rc8 38. Qxb5 {[#]} Rc1+ $1 39. Kh2 Kf7 {Strongly threatening ...Rh8+.} 40. Qd7+ Be7 41. Qa7 (41. Qb7 {is a better defense.}) 41... g5 42. Qxa5 $2 (42. g3) 42... g4 $2 (42... Bd8 43. Qa4 Rh8+ 44. Kg3 Kg6) 43. Bxe7 $19 Rxe7 44. Qd2 Rc6 (44... Rc5 $19 45. Qd6 Rc2) 45. b4 $2 {[#]} (45. Qh6 $17) 45... Kg6 $1 46. a4 $2 (46. b5 Rcc7 47. b6 Rh7+ 48. Kg3) 46... Rec7 $2 (46... Rh7+ 47. Kg3 Rhc7) 47. b5 $2 (47. g3) 47... Rc3 48. b6 Rh7+ 49. Kg1 Rb3 {( -> ...Rb1+)} 50. Qa2 Rxb6 51. a5 Rc6 {[%cal Rc6c1]} 52. Kf1 $2 (52. g3) 52... Rh1+ 53. Ke2 {[#]} Rc2+ $3 {[%mdl 512] Weighted Error Value: White=0.89/Black=0.79} 0-1

[Event "Chess Festival Cracovia B 2020"]
[Site "Krakow"]
[Date "2021.01.02"]
[Round "7.11"]
[White "Maslanka, Wojciech"]
[Black "Slabek, Grzegorz"]
[Result "1/2-1/2"]
[WhiteElo "1781"]
[BlackElo "1961"]
[Annotator "TA"]
[PlyCount "159"]
[EventDate "2020.12.28"]
[EventCountry "POL"]
[SourceTitle "playchess.com"]
[Source "ChessBase"]
[SourceQuality "1"]

{[%evp 15,159,59,49,47,73,65,66,60,56,70,79,48,47,15,13,19,13,18,13,12,52,58,68,0,0,0,0,-9,0,0,0,0,85,85,78,78,89,1,5,3,14,0,0,0,0,0,0,0,0,0,0,0,0,0,0,0,0,0,0,0,40,0,56,0,0,-8,-8,-8,-8,-10,-10,-28,-8,-25,68,-81,0,0,0,0,0,0,0,0,0,-480,0,0,0,0,0,0,0,0,0,0,0,0,0,0,0,-25,-25,-50,0,-7,0,0,0,0,0,0,0,0,0,0,0,0,0,0,0,0,0,0,0,0,0,0,0,0,0,0,0,0,0,0,0,0,0,0,0,0,0,0,0,0]} 1. e4 d5 2. exd5 Nf6 3. d4 Nxd5 4. c4 Nb6 5. Nf3 g6 6. c5 Nd5 7. Bc4 c6 8. Nc3 Bg7 9. O-O {B01: Scandinavian Defence.} O-O 10. Re1 Bg4 11. Bg5 {White is slightly better.} Bf6 12. Bh6 Bg7 13. Bxg7 Kxg7 14. h3 Nxc3 15. bxc3 Bxf3 16. Qxf3 e6 17. Rab1 Qc7 18. h4 h5 {[#]} 19. Re5 $146 (19. Qg3 $14 Qxg3 20. fxg3) ({Predecessor:} 19. Qg3 Rc8 20. Qg5 Nd7 21. Bxe6 Re8 22. Bc4 Nf6 23. f3 b5 24. cxb6 axb6 25. Qd2 {½-½ (44) Tyutyunnikov,A (2292)-Khulapov,V (2065) Litomysl 2019}) 19... Nd7 $11 20. Rg5 Nf6 21. Qd3 Rfe8 22. Bb3 (22. Qc2 {keeps more tension.} Nh7 23. Re5 Nf6 24. Be2 Rad8 25. Bf3) 22... e5 23. dxe5 (23. Bxf7 $2 e4 $19) 23... Rxe5 {[#]} (23... Nh7 $1 $11 {remains equal.} 24. Bxf7 Qxf7 25. Rxg6+ Kh8) 24. Bxf7 $1 $16 Rxg5 25. hxg5 Kxf7 26. gxf6 (26. Qf3 $16 Qe7 27. gxf6) 26... Kxf6 $11 {[%mdl 4096] Endgame KQR-KQR} 27. Qd4+ Kf7 $1 28. Rd1 {Black must now prevent Qc4+.} (28. Re1 {is interesting.} Rd8 29. Qe3 Kg7 30. Qe7+ Qxe7 31. Rxe7+ Kf6 32. Rxb7 Rd5 33. Rxa7 Rxc5 34. Ra3) 28... Re8 29. Qc4+ Kg7 30. Rd6 {Threatens to win with Qd4+.} Re1+ 31. Kh2 Qe7 32. g3 {White wants to play Qd4+.} Qe4 {[%csl Ge1][%cal Re4h1]} 33. Rd7+ Kh6 {[%csl Ge1][%cal Re4h1]} 34. Qxe4 Rxe4 35. Rxb7 {KR-KR} Ra4 36. Rc7 Rxa2 37. Kg2 Ra6 38. f4 g5 (38... Ra3 $11) 39. Re7 ({Better is} 39. Kf3 $14) 39... Ra2+ 40. Kf3 g4+ 41. Ke3 Rg2 42. Re6+ Kg7 43. Rxc6 Rxg3+ 44. Kd4 {Black should prevent Rc7+.} h4 (44... Rf3 $11 45. Ke4 Rxc3) 45. Re6 {[#]} (45. Rc7+ $1 $14 {keeps the upper hand.} Kh6 46. Rc8 (46. Rxa7 h3 $11)) 45... Rf3 (45... h3 $1 $17 {[%cal Rh3h2]} 46. c6 h2 47. Re7+ Kg6 48. Re6+ Kf7) 46. c6 $1 {[%cal Rc6c7]} g3 47. f5 $1 {Threatening mate with c7.} Rxf5 (47... Kf7 {is interesting.} 48. c7 g2 49. Rg6 Rg3 50. Rxg3 hxg3 51. c8=Q g1=Q+) 48. Re4 $1 Rh5 {And now ...Kf6 would win.} 49. c7 Rh8 {Hoping for ...Kf6.} 50. Ke3 $2 {[%mdl 8192]} (50. Ke5 $11 h3 51. Ke6 Rh6+ 52. Kd5 Rh5+ 53. Kd6) 50... Rc8 $2 (50... h3 $19 51. Kf3 g2) 51. Rxh4 Rxc7 52. c4 Kf6 {Strongly threatening ...Rg7.} 53. Rf4+ Kg5 {( -> ...g2)} 54. Kf3 g2 55. Rg4+ Kf5 {...Rxc4! is the strong threat.} 56. Rf4+ Ke5 (56... Kg6 {keeps more tension.} 57. Rg4+ Kf7 58. Rxg2 Rxc4 59. Ra2 Rc3+) 57. Re4+ Kd6 58. Kxg2 (58. Rg4 {is more complex.} Kc5 59. Rxg2 Re7 60. Re2 Rf7+ 61. Ke3) 58... Rf7 59. Re8 Kc7 (59... Kc5 {looks sharper.} 60. Re1 Kxc4 61. Rc1+ Kb5 62. Rb1+ Kc5) 60. Re5 {The position is equal.} a6 (60... Kb6 {with more complications.} 61. Rb5+ Kc6 62. Kg3 Kc7 63. Rc5+ Kb7) 61. Ra5 Kb6 62. Ra4 Rf6 63. Kg3 Kc5 64. Kg4 Kd4 65. Kg5 Rc6 66. Kf5 Kc3 67. Ke5 Kb3 68. Kd5 Rh6 (68... Rg6 $5 69. Ra1 $8 Rg5+ 70. Ke4 Kxc4 $11) 69. Ra1 a5 70. c5 a4 71. c6 Rh5+ (71... Rh7 {seems wilder.} 72. Kd6 Rh2 73. Rb1+ Kc4 74. c7 Rh8) 72. Kd6 Rh6+ 73. Kc5 Rh2 74. c7 Rc2+ 75. Kb6 a3 76. Rxa3+ Kxa3 77. Kb7 Rb2+ 78. Ka7 Rc2 79. Kb7 Rxc7+ 80. Kxc7 {Weighted Error Value: White=0.26/Black=0.24} 1/2-1/2